<?xml version="1.0" encoding="UTF-8"?>
<collection xmlns="http://www.loc.gov/MARC21/slim">
 <record>
  <leader>04173ntm a22005177i 4500</leader>
  <controlfield tag="001">000347056</controlfield>
  <controlfield tag="003">CZ-PrVSE</controlfield>
  <controlfield tag="005">20170621180704.0</controlfield>
  <controlfield tag="006">m        d</controlfield>
  <controlfield tag="007">cr n||||||||||</controlfield>
  <controlfield tag="008">170621s2016    xr     fsbm   000 0 cze d</controlfield>
  <datafield tag="STA" ind1=" " ind2=" ">
   <subfield code="a">NEZPRACOVANÝ IMPORT</subfield>
  </datafield>
  <datafield tag="040" ind1=" " ind2=" ">
   <subfield code="a">ABA006</subfield>
   <subfield code="b">cze</subfield>
   <subfield code="c">ABA006</subfield>
   <subfield code="d">ABA006</subfield>
   <subfield code="e">rda</subfield>
  </datafield>
  <datafield tag="100" ind1="1" ind2=" ">
   <subfield code="a">Vereš, Jan</subfield>
   <subfield code="%">ISIS:107707</subfield>
   <subfield code="4">dis</subfield>
  </datafield>
  <datafield tag="242" ind1="1" ind2="0">
   <subfield code="a">Is import of goods from european countries to Czech republic more or less influenced by changes in nominal and real exchange rates than in non european countries? :</subfield>
   <subfield code="b"></subfield>
   <subfield code="y">eng</subfield>
  </datafield>
  <datafield tag="245" ind1="1" ind2="0">
   <subfield code="a">Je hodnota dovozu zboží ze zemí mimo EU do České republiky více či méně ovlivněna změnou nominálního a reálného měnového kurzu než u zemí v rámci EU ? :</subfield>
   <subfield code="b">/</subfield>
   <subfield code="c">Jan Vereš</subfield>
  </datafield>
  <datafield tag="264" ind1=" " ind2="0">
   <subfield code="c">2016</subfield>
  </datafield>
  <datafield tag="300" ind1=" " ind2=" ">
   <subfield code="a">?? stran :</subfield>
   <subfield code="3">digital, PDF soubor</subfield>
  </datafield>
  <datafield tag="500" ind1=" " ind2=" ">
   <subfield code="a">Vedoucí práce: Dominik Stroukal</subfield>
  </datafield>
  <datafield tag="502" ind1=" " ind2=" ">
   <subfield code="a">Bakalářská práce (Bc.)—Vysoká škola ekonomická v Praze. Národohospodářská fakulta, 2017</subfield>
  </datafield>
  <datafield tag="504" ind1=" " ind2=" ">
   <subfield code="a">Obsahuje bibliografii</subfield>
  </datafield>
  <datafield tag="516" ind1=" " ind2=" ">
   <subfield code="a">Textový (vysokoškolská kvalifikační práce)</subfield>
  </datafield>
  <datafield tag="518" ind1=" " ind2=" ">
   <subfield code="a">Rok obhajoby 2017</subfield>
  </datafield>
  <datafield tag="520" ind1="3" ind2=" ">
   <subfield code="a">Tato bakalářská práce analyzuje vztah mezi dovozem zboží ze zahraničí do České republiky a změnami měnových kurzů. Prvotní hypotézou práce je prokázat pozitivní vliv depreciace domácí měny na saldo obchodní bilance v dlouhém období. K tomu slouží celkem osm vytvořených ekonometrických modelů, které byly zkonstruovány s využitím časových řad z období mezi lety 2003-2016. Těchto osm modelů je rozděleno po dvou mezi čtyři vybrané státy.Pro každou zemi jsou tedy vytvořeny dva modely, které sledují vývoj obchodní bilance České republiky a daného státu ve dvou různých časových obdobích. U každého modelu je vždy jako vysvětlující proměnná použit reálný efektivní měnový kurz, tempo růstu HDP pro ČR a tempo růstu HDP zkoumané země. K modelům se vztahuje i druhý úkol této práce, a to analýza rozdílů v chování jednotlivých modelů v závislosti na tom, zda sledovaná země v modelu patří do EU či nikoliv. Cílem je tak zjistit, zda v důsledku existence cla na dovoz zboží ze zemí mimo EU je možné pozorovat viditelné rozdíly v chování daných proměnných, které byly zahrnuty do modelů. Na základě výsledků všech osmi modelů byla hlavní hypotéza potvrzena pouze pro tři ze čtyř zemí. V modelech pro Německo, Čínu a Francii vyšel vztah reálného měnového kurzu a obchodní bilance pro dlouhé období jako pozitivní, pro kratší období byly výsledky nejednoznačné. Druhá výzkumná otázka byla zodpovězena, avšak její přidaná hodnota je rozporuplná. Výsledné modely pro jednotlivé státy sice vykazují některé znatelnější rozdíly a dá se na základě nich určit, zda je vliv změny kurzů na obchodní bilanci menší či větší u zemí kde se clo vyměřuje. Na druhou stranu z výsledků lze poznat, že vzorek pouze čtyř zemí je nedostatečný k tomu, abychom z této analýzy mohli vyvozovat nějaké závěry.</subfield>
  </datafield>
  <datafield tag="538" ind1=" " ind2=" ">
   <subfield code="a">Způsob přístupu: Internet</subfield>
  </datafield>
  <datafield tag="653" ind1="0" ind2=" ">
   <subfield code="a">ekonomie [obor bakal. práce]</subfield>
  </datafield>
  <datafield tag="655" ind1=" " ind2="7">
   <subfield code="a">bakalářské práce</subfield>
   <subfield code="7">fd132403</subfield>
   <subfield code="2">czenas</subfield>
  </datafield>
  <datafield tag="655" ind1=" " ind2="9">
   <subfield code="a">bachelor's theses</subfield>
   <subfield code="2">eczenas</subfield>
  </datafield>
  <datafield tag="690" ind1=" " ind2=" ">
   <subfield code="a">měnový kurz</subfield>
  </datafield>
  <datafield tag="690" ind1=" " ind2=" ">
   <subfield code="a">J-křivka</subfield>
  </datafield>
  <datafield tag="690" ind1=" " ind2=" ">
   <subfield code="a">clo</subfield>
  </datafield>
  <datafield tag="690" ind1=" " ind2=" ">
   <subfield code="a">Exchange rate pass-through</subfield>
  </datafield>
  <datafield tag="690" ind1=" " ind2=" ">
   <subfield code="a">Marshall-Lernerova podmínka</subfield>
  </datafield>
  <datafield tag="700" ind1="1" ind2=" ">
   <subfield code="a">Stroukal, Dominik,</subfield>
   <subfield code="d">1987-</subfield>
   <subfield code="7">xx0030356</subfield>
   <subfield code="4">ths</subfield>
  </datafield>
  <datafield tag="700" ind1="1" ind2=" ">
   <subfield code="a">Slaný, Martin,</subfield>
   <subfield code="d">1982-</subfield>
   <subfield code="7">jx20090205012</subfield>
   <subfield code="4">opn</subfield>
  </datafield>
  <datafield tag="710" ind1="2" ind2=" ">
   <subfield code="a">Vysoká škola ekonomická v Praze.</subfield>
   <subfield code="b">Národohospodářská fakulta</subfield>
   <subfield code="7">kn20010709401</subfield>
   <subfield code="4">dgg</subfield>
  </datafield>
  <datafield tag="856" ind1="4" ind2="0">
   <subfield code="u">https://insis.vse.cz/zp/58888/podrobnosti</subfield>
   <subfield code="y">VŠKP v InSIS</subfield>
  </datafield>
  <datafield tag="856" ind1="4" ind2="0">
   <subfield code="u">https://insis.vse.cz/zp/58888</subfield>
   <subfield code="y">Hlavní práce</subfield>
  </datafield>
  <datafield tag="856" ind1="4" ind2="0">
   <subfield code="u">https://insis.vse.cz/zp/58888/posudek/vedouci</subfield>
   <subfield code="y">Hodnocení vedoucího</subfield>
  </datafield>
  <datafield tag="856" ind1="4" ind2="0">
   <subfield code="u">https://insis.vse.cz/zp/58888/posudek/oponent/52852</subfield>
   <subfield code="y">Oponentura</subfield>
  </datafield>
  <datafield tag="999" ind1="4" ind2="0">
   <subfield code="u">https://insis.vse.cz/zp/58888/podrobnosti</subfield>
   <subfield code="y">dc:identifier</subfield>
  </datafield>
  <datafield tag="993" ind1=" " ind2=" ">
   <subfield code="x">NEPOSILAT</subfield>
   <subfield code="y">VSKP</subfield>
  </datafield>
  <datafield tag="999" ind1="4" ind2="9">
   <subfield code="a">vse58888</subfield>
   <subfield code="b">170616</subfield>
  </datafield>
  <datafield tag="999" ind1="4" ind2="5">
   <subfield code="x">58888</subfield>
  </datafield>
 </record>
</collection>
